000 00658nam a2200205 u 4500
005 20240223063620.0
008 151110s2009 r 000 0 eng d
020 _a9788493618582
035 _aUPN01000206667
049 _aI
050 4 _aPZ46.3
_bC3.6
100 1 _aCalì, Davide,
_d1972-
_933331
245 1 3 _aEl oso con la espada /
_cDavide Cali, Gianluca Foli ; tr. de Jordi Ainaud i Escudero.
260 _a[España] :
_bBarbara Fiore,
_c2009.
300 _a[26] p. :
_bil.
534 _pTítulo original :
_tLórso con la spada
650 4 _aLiteratura infantil italiana
_911122
650 0 _aAnimales
_vCuentos y leyendas
_9234
905 _aInfantil
999 _c178768
_d178768